000 00267nam a2200121Ia 4500
008 241002s9999 xx 000 0 und d
082 _a297.64 CHA
100 _aChapman, J.A
245 0 _aMaxims of Ali
260 _aLahore:
_cN/A
600 _aReligion
942 _cUC
999 _c18368
_d18368